000 00734nam a2200241Ia 4500
003 GCL
008 140319s9999 xx 000 0 ara d
020 _a045067977
040 _aGCL /
_cGCL
082 0 4 _a813.08
_bص س
100 1 _aصلاح مرسى
245 1 0 _aسامية فهمى: من ملفات المخابرات المصرية /
_cصلاح مرسى
250 _aالاولى
260 _aالقاهرة :
_bابوللو للنشر والتوزيع ،
_c1990
300 _a382 ص ؛
_c20 سم
490 _a
650 0 4 _aالعصر الحديث
650 0 4 _aتاريخ
650 0 4 _aالمخابرات
650 0 4 _aمصدات واحزمة للرياح
650 0 4 _aالجاسوسية
942 _2ddc
_cBK
999 _c28076
_d28076